Oceňovanie v účtovníctve bakalárska práca

Guardado en:
Detalles Bibliográficos
Autor principal: Zajacová, Veronika
Autor Corporativo: Fakulta hospodárskej informatiky EU. Katedra účtovníctva a audítorstva
Otros Autores: Feketeová, Renáta, 1974-
Formato: Libro
Lenguaje:eslovaco
Publicado: Bratislava 2009
Etiquetas: Agregar Etiqueta
Sin Etiquetas, Sea el primero en etiquetar este registro!

MARC

LEADER 00000nam$a2200000$$$4500
001 0104065
005 20240318134800.1
041 0 |a slo 
044 |a SK 
245 1 0 |a Oceňovanie v účtovníctve  |b bakalárska práca  |c Veronika Zajacová ; škol. Renáta Feketeová 
264 1 |a Bratislava  |c 2009 
300 |a 34 s. 
100 1 |a Zajacová, Veronika 
700 1 |a Feketeová, Renáta, 1974- 
710 2 |a Fakulta hospodárskej informatiky EU. Katedra účtovníctva a audítorstva